LEADER 00967cam0-2200313---450- 001 990004289960403321 005 20120320133649.0 035 $a000428996 035 $aFED01000428996 035 $a(Aleph)000428996FED01 035 $a000428996 100 $a19990604d1925----km-y0itay50------ba 101 0 $aita 102 $aIT 105 $ay-------001yy 200 1 $a<>pensiero di Francesco Bacone$econsiderato in relazione con le filosofie della natura del Rinascimento e col razionalismo cartesiano$fAldolfo Levi 210 $aTorino$cParavia$d1925 215 $a434 p.$d22 cm 610 0 $aBacone, Francesco 676 $a192 700 1$aLevi,$bAdolfo$f<1878-1948>$0160190 801 0$aIT$bUNINA$gRICA$2UNIMARC 901 $aBK 912 $a990004289960403321 952 $aP.1 6E BAC/S 7 BIS$bbibl.9379$fFLFBC 952 $aP.1 6E BAC/S 7$bSt.Fil.1372$fFLFBC 959 $aFLFBC 996 $aPensiero di Francesco Bacone$9489506 997 $aUNINA LEADER 01359nam2-2200397---450- 001 990003538430203316 005 20111004102842.0 010 $a978-88-243-1968-8 035 $a000353843 035 $aUSA01000353843 035 $a(ALEPH)000353843USA01 035 $a000353843 100 $a20110609d2010----km-y0itay50------ba 101 0 $aita 102 $aIT 105 $a||||||||001yy 200 1 $a<<1:>> Aspetti delle invalidità nelle sentenze medievali$fMichele Rosboch 210 $aNapoli$cJovene$d2010 215 $aVII, 283 p.$d24 cm 225 2 $aMemorie del dipartimento di scienze giuridiche$v51 410 0$1001000337890$12001$aMemorie del dipartimento di scienze giuridiche$v, 51 461 0$1001000353842$12001$aDecidere invano 606 0 $aAtti giuridici$xValidità$2BNCF 676 $a346.370435$v22 700 1$aROSBOCH,$bMichele$0289209 801 0$aIT$bsalbc$gISBD 912 $a990003538430203316 951 $aXXX.A. Coll. 122/ 49$b68866 G.$cXXX.A. Coll.$d00297059 951 $aXXX.A. Coll. 122/ 49 a$b69692 G.$cXXX.A. Coll. 122/$d00299553 959 $aBK 969 $aGIU 979 $aCHIARA$b90$c20110609$lUSA01$h1215 979 $aCHIARA$b90$c20110609$lUSA01$h1215 979 $aIANNONE$b90$c20111004$lUSA01$h1028 996 $aAspetti delle invalidità nelle sentenze medievali$91113651 997 $aUNISA LEADER 03754oam 2200745 c 450 001 9910163157503321 005 20250802090638.0 010 $a3-7445-0877-3 010 $a3-86496-873-9 024 3 $a9783744508773 035 $a(CKB)3710000000721457 035 $a(MiAaPQ)EBC4418086 035 $a(Herbert von Halem Verlag)9783744508773 035 $a(EXLCZ)993710000000721457 100 $a20250802d2015 uy 0 101 0 $ager 135 $aurcnu|||||||| 181 $2rdacontent 182 $2rdamedia 183 $2rdacarrier 200 14$aDie Dynamik o?kologischer Ma?rkte $eEine feldanalytische Betrachtung des Marktes fu?r Bio-Molkereiprodukte /$fLisa Suckert 205 $a1st ed. 210 $aKo?ln$cHerbert von Halem Verlag$d2015 215 $a1 online resource (406 pages) $cillustrations 300 $a[1. Auflage] 311 08$a3-86764-573-6 320 $aIncludes bibliographical references. 330 $aO?kologische Ma?rkte, d.h. Ma?rkte auf denen 'umweltfreundliche' Gu?ter gehandelt werden, gelten bei Politikern, Unternehmern und Umweltaktivisten gleichermaßen als Hoffnungstra?ger. Lisa Suckert entschlu?sselt in ihrer wirtschaftssoziologischen Studie die paradoxe Dynamik, die die gegenwa?rtige Entwicklung pra?gt: Denn wa?hrend o?kologische Ma?rkte auf o?konomisches Wachstum zielen und sich o?ffnen, ist ihre Existenz gleichzeitig an die Bewahrung o?kologischer Authentizita?t und damit an eine versta?rkte Abgrenzung geknu?pft. Am Beispiel des Marktes fu?r Bio-Molkereiprodukte, dessen Herausbildung von den 1980er-Jahren bis in die Gegenwart rekonstruiert wird, gelingt es der Autorin zentrale Funktionslogiken herauszuarbeiten. Es wird deutlich, dass die paradoxe Dynamik der simultanen O?ffnung und Schließung erst durch das historische Ineinandergreifen von sich wandelnden Machtpositionen, neu etablierten Konsekrationsinstanzen, ambivalenten Akteursstrategien und einer sukzessiven Umdeutung dessen, was auf dem Markt Wert besitzt, ermo?glicht wurde. Der feldanalytische Fokus auf Macht, Ambivalenz und Diskurse erlaubt vo?llig neuartige Einblicke in die Funktionsweise o?kologischer Ma?rkte sowie eine kritische AuseinanderSetzung mit dem Pha?nomen selbst. Mit der fruchtbaren Erweiterung der Bourdieu'schen Feldtheorie durch Konzepte der Economie des Conventions sowie einem innovativen Forschungsdesign, das Ma?rkte durch korrespondenz- und diskursanalytische Instrumente als Felder greifbar macht, leistet die Untersuchung einen wesentlichen Beitrag zur Weiterentwicklung der Marktsoziologie. 606 $aBio-Molkereiprodukte 606 $aBioprodukte 606 $aDiskursanalyse 606 $aEconomie des Conventions 606 $aFeldanalyse 606 $aFeldtheorie 606 $aKorrespondenzanalyse 606 $aMarktsoziologie 606 $aWirtschafssoziologie 606 $aO?kologie 606 $ao?kologische Ma?rkte 606 $ao?konomisches Wachstum 606 $aBourdieu 606 $aPierre 615 4$aBio-Molkereiprodukte 615 4$aBioprodukte 615 4$aDiskursanalyse 615 4$aEconomie des Conventions 615 4$aFeldanalyse 615 4$aFeldtheorie 615 4$aKorrespondenzanalyse 615 4$aMarktsoziologie 615 4$aWirtschafssoziologie 615 4$aO?kologie 615 4$ao?kologische Ma?rkte 615 4$ao?konomisches Wachstum 615 4$aBourdieu 615 4$aPierre 676 $a382.417 700 $aSuckert$b Lisa$4aut$01247161 801 0$bMiAaPQ 801 1$bMiAaPQ 801 2$bMiAaPQ 906 $aBOOK 912 $a9910163157503321 996 $aDie dynamik o?kologischer ma?rkte$92891400 997 $aUNINA